Statistics for TV Shows with the Word "Family" in the Title

Click here to take the quiz!

General Stats

  • This quiz has been taken 79 times
  • The average score is 6 of 9

Answer Stats

HintAnswer% Correct
FG 1999-PresentFamily Guy
89%
MF 2009-2020Modern Family
79%
FM 1989-1998Family Matters
76%
FT 1982-1989Family Ties
76%
AITF 1971-1979All in the Family
72%
TPF 1970-1974The Partridge Family
54%
FA 1966-1971Family Affair
51%
TAF 1964-1966The Addams Family
36%
SFR 1974Swiss Family Robinson
22%

Score Distribution

Percentile by Number Answered

Percent of People with Each Score

Your Score History

You have not taken this quiz